Štruktúra obyvateľstva vo vzťahu k administratívnym krajským celkom v Slovenskej republike
Administratívne usporiadanie SR na kraje a okresy spôsobilo preskupenie obcí a obyvateľov do nových regionálnych celkov. Štruktúra celkového počtu obyvateľstva. Situácia v jednotlivých krajoch.
Salvato in:
| Autore principale: | |
|---|---|
| Natura: | Capitolo di libro |
| Lingua: | slovacco |
| Soggetti: | |
| Tags: |
Nessun Tag, puoi essere il primo ad aggiungerne!!
|
MARC
| LEADER | 00000naa a2200000 4500 | ||
|---|---|---|---|
| 001 | r032235 | ||
| 005 | 20230922111047.2 | ||
| 041 | 0 | |a slo | |
| 044 | |a CZ | ||
| 245 | 1 | 0 | |a Štruktúra obyvateľstva vo vzťahu k administratívnym krajským celkom v Slovenskej republike |c J. Hrubý |
| 520 | |a Administratívne usporiadanie SR na kraje a okresy spôsobilo preskupenie obcí a obyvateľov do nových regionálnych celkov. Štruktúra celkového počtu obyvateľstva. Situácia v jednotlivých krajoch. | ||
| 610 | 2 | 0 | |a štruktúra obyvateľstva |
| 610 | 2 | 0 | |a regióny |
| 610 | 2 | 0 | |a metodika |
| 610 | 2 | 0 | |a indexy |
| 610 | 2 | 0 | |a vek neproduktívny |
| 610 | 2 | 0 | |a vek postproduktívny |
| 610 | 2 | 0 | |a vek produktívny |
| 610 | 2 | 0 | |a usporiadanie územné |
| 100 | 1 | |a Hrubý, Ján | |